|
|
|
|
| LEADER |
00000nam0a2200000 4500 |
| 001 |
54632 |
| 005 |
20231031050713.0 |
| 010 |
|
|
|a 5699034919
|
| 035 |
|
|
|a (RuTPU)RU\TPU\book\57286
|
| 090 |
|
|
|a 54632
|
| 100 |
|
|
|a 20030821d2003 m y0rusy50 ca
|
| 101 |
0 |
|
|a rus
|
| 102 |
|
|
|a RU
|
| 105 |
|
|
|a y z 000ay
|
| 200 |
1 |
|
|a Жаба с кошельком
|e Роман
|f Д. А. Донцова
|
| 210 |
|
|
|a Москва
|c Эксмо
|d 2003
|
| 215 |
|
|
|a 432 с.
|
| 225 |
1 |
|
|a Иронический детектив
|
| 330 |
|
|
|a Сколько раз Даша Васильева попадала в переделки, но эта была почище других. Не думая о плохом, она со всем семейством приехала в гости к своим друзьям —Андрею Литвинскому и его новой жене Вике. Хотя ее Даша тоже знала тысячу лет. Марта, прежняя жена Андрея, не так давно погибла в горах. А теперь, попив чаю из нового серебряного сервиза, приобретенного Викой, чуть не погибли Даша и ее невестка. Андрей же умер от отравления неизвестным ядом. Вику арестовали, обвинив в убийстве мужа. Но Даша не верит в ее вину — ведь подруга так долго ждала счастья и только-только его обрела. Любительница частного сыска решила найти человека, у которого был куплен сервиз. Но как только она выходила на участника этой драмы — он становился трупом. И не к чему придраться — все погибали в результате несчастных случаев. Или это искусная инсценировка?..
|
| 423 |
|
|
|t Правила вождения за нос
|o Повесть
|f Г. М. Куликова
|a Куликова, Галина
|
| 610 |
1 |
|
|a русская литература
|
| 610 |
1 |
|
|a романы
|
| 610 |
1 |
|
|a детективы
|
| 675 |
|
|
|a Р2
|v 3
|
| 700 |
|
1 |
|a Донцова
|b Д. А.
|g Дарья Аркадьевна
|
| 801 |
|
1 |
|a RU
|b 63413507
|c 20030821
|g PSBO
|
| 801 |
|
2 |
|a RU
|b 63413507
|c 20030905
|g PSBO
|
| 801 |
|
2 |
|a RU
|b 63413507
|c 20060519
|g PSBO
|
| 942 |
|
|
|c BK
|